00947nam a2200193 a 450000100100000000500170001000800410002704000250006808200140009310000290010724500520013626000720018830000360026059000760029604900090037295201840038195201710056599900170073600003182620200930063218.0110706s1945 dr ac 000 0 spa d aDO-SdBNPbspacBNPHU axxxbR6271 aRizik H., Nicolas95803910aTrujillo y la estadística /cNicolas Rizik H. aCiudad Trujillo, República Dominicana :bEditora Montalvo,c1945. a133 p. :bil., retrs. ;c22 cm. aPerteneció a la biblioteca personal de Juan Isidro Jimenes Grullón. aBNPD 001050718RVaPDbPDcCTd2011-07-06iLF1l0oxxx R627p31826-10r2020-06-25w2020-06-25y1zPerteneció a la biblioteca personal de Juan Isidro Jimenez GrullónZNo se presta 001050718RVaPDbPDcCTd2011-07-06iLF1l0oxxx R627p31826-20r2020-06-25w2020-06-25y1zPerteneció a la biblioteca personal de Martínez BoogZNo se presta c31318d31318